000 00551nam a22002057a 4500
003 LK-CoDNM
005 20241016115255.0
008 241016b |||||||| |||| 00| 0 eng d
040 _aLK-CoDNM
_dLK-CoDNM
_eLK-CoDNM
041 _asin
080 _aප්‍ර.ද
_b14.3
100 _aunknown
245 _aදිනමිණ වෙසක් කලාපය 1956
260 _c1956
300 _a 24cm
650 _aප්‍ර.ද 14.3
650 _aදිනමිණ වෙසක් කලාපය
650 _a 1956
942 _cBK
999 _c219710
_d219710